Using statistics stock to predict and optimize market investment outcomes probability

Bibliographic Details
Main Author: Murphy, Joseph
Format: Book
Published: Kuala Lumpur : Golden Books , 1995
Edition:Rev.ed
Subjects:

MARC

LEADER 00000cam a2200000 7i4500
001 0000007797
002 000008367
005 20000330.0
020 |a 9837201495 
090 0 0 |a 332.6322   |b MUR 
100 1 |a Murphy, Joseph 
245 1 0 |a Using statistics stock to predict and optimize market investment outcomes probability   |c Joseph Murphy 
250 |a Rev.ed 
260 |a Kuala Lumpur :   |b Golden Books ,   |c 1995 
300 |a 232 p. ;   |c 26 cm. 
650 0 0 |a Stock exchanges 
999 |a 052930   |b BUKU   |c PINJAMAN   |e PERPUSTAKAAN KOMUNITI PETALING JAYA